Οργάνωση, Λειτουργία και Πιστοποίηση Υπηρεσιών Αποκατάστασης Αναπήρων / Διπλωματική Εργασία (Record no. 5135)
[ view plain ]
| 000 -LEADER | |
|---|---|
| fixed length control field | 01777cam a22001814a 4500 |
| 005 - ΗΜΕΡΟΜΗΝΙΑ ΚΑΙ ΩΡΑ ΤΕΛΕΥΤΑΙΑΣ ΕΝΗΜΕΡΩΣΗΣ | |
| Πεδίο ελέγχου | 20250605164205.0 |
| 008 - FIXED-LENGTH DATA ELEMENTS--GENERAL INFORMATION | |
| Πεδίο ελέγχου σταθερού μήκους | 250528s ||||||||||||||||||||||||d |
| 035 ## - SYSTEM CONTROL NUMBER | |
| System control number | 19892 |
| 040 ## - ΠΗΓΗ ΚΑΤΑΛΟΓΟΓΡΑΦΗΣΗΣ | |
| Φορέας πρωτότυπης καταλογογράφησης | MC Athens Campus Library |
| Γλώσσα καταλογογράφησης | Ελληνικά, Μοντέρνα (1453-) |
| Modifying agency | MC Athens Campus Library |
| Κανόνες περιγραφικής καταλογογράφησης | AACR2 |
| 245 1# - ΤΙΤΛΟΣ ΚΑΙ ΔΗΛΩΣΗ ΥΠΕΥΘΥΝΟΤΗΤΑΣ | |
| Τίτλος | Οργάνωση, Λειτουργία και Πιστοποίηση Υπηρεσιών Αποκατάστασης Αναπήρων / Διπλωματική Εργασία |
| 260 ## - PUBLICATION, DISTRIBUTION, ETC. | |
| Name of publisher, distributor, etc. | Πειραικός Σύλλογος Κινητικά Αναπήρων, |
| Date of publication, distribution, etc. | 2011 |
| 300 ## - PHYSICAL DESCRIPTION | |
| Extent | 164 |
| 520 ## - SUMMARY, ETC. | |
| Summary, etc. | Αναπηρία και Στατιστικά Στοιχεία και οικονομικές Επιπτώσεις και η ανάγκη για Αποκατάσταση, Τα κέντρα Αποκατάστασης στην Ελλάδα και το Εξωτερικό και ο Τρόπος Λειτουργίας τους με Ενδεικτικά Παραδείγματα, Δημόσια και Ιδιωτικά Κέντρα Αποκατάστασης στην Ελλάδα, Η Νομοθεσία για την Αποκατάσταση, Ομοιότητες και Διαφορές Διοίκησης Νοσοκομείου και Κέντρου Αποκατάστασης, Διαχείριση Ανθρωπίνου Δυναμικού και Οικονομικών Πόρων, Στρατηγικός Σχεδιασμός και Αντιμετώπιση Προβλημάτων, Διοίκηση Ολικής Ποιότητας και Six Sigma και Πιστοποίηση από τους Οργανισμούς EQRM - CARF - JCAHO και ISO, Συζήτηση και Συμπεράσματα, Βιβλιογραφία, Abstract. |
| 700 1# - ΠΡΟΣΘΕΤΗ ΑΝΑΓΡΑΦΗ--ΦΥΣΙΚΟ ΠΡΟΣΩΠΟ | |
| Personal name | Δημητριάδης Βασίλης |
| 9 (RLIN) | 6042 |
| 942 ## - ADDED ENTRY ELEMENTS (KOHA) | |
| Koha item type | Books |
| Τύπος τεκμηρίου | Βιβλιοθήκη | Τρέχουσα τοποθεσία | Barcode | Αριθμός εισαγωγής | Ημερομηνία απόκτησης | Ταξιθετικό σύμβολο | Αριθμός αντιτύπου | Κατάσταση απόσυρσης | Κατάσταση χαμένου | Κατάσταση κατεστραμμένου | Μη δανεισμός | Σύνολο δανεισμών | Ημερομηνία τελευταίας εμφάνισης | Η τιμή ισχύει από |
|---|---|---|---|---|---|---|---|---|---|---|---|---|---|---|
| Books | MC Athens Campus Library | MC Athens Campus Library | 9780000051349 | 6082 | 05/06/2025 | 371.9 DIM | 1 | 05/06/2025 | 05/06/2025 |